| 000 | 00952nam a22002537a 4500 | ||
|---|---|---|---|
| 016 | _a704.94894363 DEV | ||
| 041 | _h2 | ||
| 082 |
_a704.94894363 _bDEV |
||
| 100 | _aDEVENDRA, D. T. | ||
| 245 | _aTHE BUDDHA IMAGE AND CEYLON | ||
| 260 |
_bKandy, _aK. V. G. De Silva and Sons, _c1957 |
||
| 300 |
_a98 p. Plates, xxix _c18 cm |
||
| 365 | _b100.00 | ||
| 650 | _aBuddha statues | ||
| 650 | _aBuddhist | ||
| 942 |
_cSLC _n0 |
||
| 999 |
_c19110 _d19110 |
||